LEADER 01482nam a2200325 i 4500 001 000000163687 003 CaOOAMICUS 005 20070808000000.0 008 070808s2005 it u000 u ita u 013 $a141051 020 $a88-15-09867-4 040 $aSeMil$bita 100 1 $aCampiglio, Luigi.$0(OLS)http://semarc/name/37820 245 10$aPrima le donne e i bambini :$bchi rappresenta i minorenni? /$cLuigi Campiglio. 260 $aBologna :$bIl Mulino,$ccopyr. 2005. 300 $a152 p. :$bill. ;$c21 cm. 490 0 $aContemporanea ;$v159 500 $aContiene : Riferimenti bibliografici. - Dono del Card. Dionigi Tettamanzi. 650 4$aItalia - 1945 - Diritto al voto - Donne.$0(OLS)http://semarc/subject/24972 650 4$aItalia - Diritto al voto - Donne - Congressi - 1995.$0(OLS)http://semarc/subject/31116 650 4$aMinori - Posizione sociale.$0(OLS)http://semarc/subject/31117 650 4$aDiritto al voto - Minori.$0(OLS)http://semarc/subject/31118 830 0$aContemporanea ;$v159.$0(OLS)http://semarc/title/1948 850 $aSeMil 852 $aSeMil$W1$xVenegono$y1$m3N II 650$j114981$B114981$CSeMilBibl$Z2$F127006 $81 941 1 $a5 961 $aOmaggio: Tettamanzi Card. Dionigi 996 $6020$a88-15-09867-4$9(OLS)http://semarc/number/149807 996 $6245$aPrima le donne e i bambini :$bchi rappresenta i minorenni?$9(OLS)http://semarc/title/233535 996 $6260$aBologna :$bIl Mulino$9(OLS)http://semarc/publisher/29842 LEADER 01419nam a2200313 i 4500 001 000000110886 003 CaOOAMICUS 005 20021218000000.0 008 021218s1997 it u000 u ita u 013 $a83567 020 $a88-315-1248-X 040 $aSeMil$bita 100 1 $aTondo, Maria.$0(OLS)http://semarc/name/46473 245 10$aDonna, profezia e futuro :$bidentitą femminile e relazione /$cMaria Tondo ; prefazione di Bruno Forte. 260 $aMilano :$bPaoline,$ccopyr. 1997. 300 $a186 p. ;$c20 cm. 490 0 $aCammini nello Spirito : meditazione, spiritualitą, teologia, biblica ;$v8 500 $aContiene : Indicazioni bibliografiche. - Fondo Card. C.M. Martini. 650 4$aDonna e comunicazione.$0(OLS)http://semarc/subject/19764 650 4$aDonna e spiritualitą.$0(OLS)http://semarc/subject/19765 700 1 $aForte, Bruno,$c.$0(OLS)http://semarc/name/3366 830 0$aCammini dello Spirito ;$v8.$0(OLS)http://semarc/title/419422 850 $aSeMil 852 $aSeMil$W1$xVenegono$y1$m3F II 238$j66743$B66743$CSeMilBibl$Z2$F98725 $81 941 1 $a4 961 $aOmaggio: Martini Card. Carlo Maria 996 $6020$a88-315-1248-X$9(OLS)http://semarc/number/92852 996 $6245$aDonna, profezia e futuro :$bidentitą femminile e relazione$9(OLS)http://semarc/title/161254 996 $6260$aMilano :$bPaoline$9(OLS)http://semarc/publisher/29684